| 000 | 01240cab a2200217 4500 | ||
|---|---|---|---|
| 001 | ##L135036 | ||
| 008 | 060920n2006 000 0 eng u | ||
| 035 | _a(Sirsi) u135036 | ||
| 041 | 0 | _aeng | |
| 100 | 1 | _aRand, John | |
| 245 | 0 | 0 |
_aPractice notes _bit's not such a class act after all |
| 260 | _c2006 | ||
| 490 | 0 |
_aEstates Gazette _v(0637) 16 September 2006, 192(1) |
|
| 520 | _aLooks at the effect which the 2005 changes to the Town and Country Planning (Use Classes) Order 1987 have had on rents. The 2005 amendments divided up the A3 class, creating two new classes, A4 and A5. Where properties fall into two of these classes, landlords may try to charge a higher rent on the basis that the property now has the benefit of two use classes rather than just one. Argues that this is currently a hard argument to sustain, due to the problems faced in assessing the impact of use class changes on property values. | ||
| 590 | _aIKA031006 | ||
| 650 | 2 | 4 | _aTOWN AND COUNTRY PLANNING (USE CLASSES) ORDER 1987 |
| 650 | 2 | 4 | _aTOWN AND COUNTRY PLANNING (USE CLASSES) (AMENDMENT) (ENGLAND) ORDER 2005 |
| 651 | 4 |
_aEngland _y886- |
|
| 690 | _aPROPERTY-COMMERCIAL PROPERTY-LEISURE PROPERTY-REFRESHMENT AND CULINARY PROPERTY | ||
| 942 | _n0 | ||
| 999 |
_c77761 _d77761 |
||